El arca de Noé (Record no. 178428)

MARC details
000 -LEADER
campo de control de longitud fija 01264nam a2200265 i 4500
001 - NÚMERO DE CONTROL
campo de control 178428
003 - IDENTIFICADOR DE NÚMERO DE CONTROL
campo de control ES-MaACL
005 - FECHA Y HORA DE LA ÚLTIMA TRANSACCIÓN
campo de control 20250909174446.0
008 - DATOS DE LONGITUD FIJA--INFORMACIÓN GENERAL
campo de control de longitud fija 110527q1780 sp |||| | spa d
100 1# - ENTRADA PRINCIPAL--NOMBRE DE PERSONA
Nombre de persona Martínez de Meneses, Antonio,
Fechas asociadas al nombre n. 1608-
9 (RLIN) 146773
245 13 - MENCIÓN DEL TÍTULO
Título El arca de Noé
Resto del título : [comedia famosa] /
Mención de responsabilidad, etc. de Tres ingenios [Antonio Martínez de Meneses, Pedro Rosete Niño, Jerónimo Cáncer y Velasco].
260 ## - PUBLICACIÓN, DISTRIBUCIÓN, ETC.
Lugar de publicación, distribución, etc. Barcelona :
Nombre del editor, distribuidor, etc. por Francisco Suriá y Burgada, impresor, A costas de la Comapañía,
Fecha de publicación, distribución, etc. [ca. 1780]
300 ## - DESCRIPCIÓN FÍSICA
Extensión [28] p. ;
Dimensiones 19 cm.
530 ## - NOTA DISPONIBLE DE FORMULARIO FÍSICO ADICIONAL
Nota de formato físico adicional disponible Disponible en formato digital.
594 ## - Nota al título y mención de responsabilidad
Nota al título y mención de responsabilidad Tít. tomado de principio del texto, autores de la B.N.
596 ## - NOTA AL PIE DE IMPRENTA
NOTA AL PIE DE IMPRENTA Fecha de imp. deducida por tipografía.
596 ## - NOTA AL PIE DE IMPRENTA
NOTA AL PIE DE IMPRENTA Pie de imp. tomado de colofón.
597 ## - NOTA DE DESCRIPCIÓN FÍSICA
NOTA DE DESCRIPCIÓN FÍSICA Sign.: A-C4, D².
597 ## - NOTA DE DESCRIPCIÓN FÍSICA
NOTA DE DESCRIPCIÓN FÍSICA Texto a dos columnas.
700 1# - ENTRADA AGREGADA--NOMBRE PERSONAL
Nombre de persona Rosete Niño, Pedro.
9 (RLIN) 146774
700 1# - ENTRADA AGREGADA--NOMBRE PERSONAL
Nombre de persona Cáncer y Velasco, Jerónimo de,
Fechas asociadas al nombre 1599?-1655
9 (RLIN) 146775
852 ## - LOCALIZACIÓN
Ubicación ES-MaACL
Número de control de estantería D-1955(6)
Nota libre . - Legado de M. de la Fuente
condición física - Ejemplar sin port. ni cub.
Nota libre .- Enc. en un vol. facticio
condición física - Ejemp. guillotinado, afectando a la parte superior del texto
856 ## - LOCALIZACIÓN Y ACCESO ELECTRÓNICOS
Identificador Uniforme de Recursos <a href="http://hdl.handle.net/10651/2613 ">http://hdl.handle.net/10651/2613 </a>
Nota pública Universidad de Oviedo
Holdings
Estatus retirado Estado de pérdida Estado de daño No para préstamo Colección Biblioteca de origen Biblioteca actual Ubicación en estantería Fecha de adquisición Fuente de adquisición Total de préstamos Signatura topográfica completa Código de barras Visto por última vez Precio de reemplazo Tipo de ítem Koha
        Colección digital Biblioteca del Ateneo de Madrid Biblioteca del Ateneo de Madrid Sala Valle Inclán 27/05/2011     D-1955(6) 901187431 23/02/2023 23/02/2023 Libro impreso antiguo